000 00495cam a2200145 4500500
005 20251228090901.0
041 _afre
042 _adc
100 1 0 _aHaye, François
_eauthor
245 0 0 _aMichel Serres aimait Charles Péguy
260 _c2019.
500 _a67
786 0 _nBulletin de l’Amitié Charles Péguy | 167 | 3 | 2019-04-26 | p. 244-244 | 0180-8567
856 4 1 _uhttps://shs.cairn.info/revue-bulletin-de-lamitie-charles-peguy-2019-3-page-244?lang=fr&redirect-ssocas=7080
999 _c1602844
_d1602844